000 00249nam a22001097a 4500
008 170116b xxu||||| |||| 00| 0 eng d
020 _a0070279489
041 _aeng
080 _a618.2
245 _aNEPHROLOGY NURSING
_cHEKELMAN, F.P
942 _2udc
_cBK
999 _c2949
_d2949